000
00199 a2200097 4500
001
57532
100
_a
245
_a
Tareeh-e-Pakistan
260
_a
Lahore
_b
Sange meil
_c
1997
090
_c
35262
_d
35262
942
_a
NUST-CAE
_c
_c
28072
999
_c
292605
_d
292605